<?xml version="1.0" encoding="UTF-8"?>
<record
    xmlns:xsi="http://www.w3.org/2001/XMLSchema-instance"
    xsi:schemaLocation="http://www.loc.gov/MARC21/slim http://www.loc.gov/standards/marcxml/schema/MARC21slim.xsd"
    xmlns="http://www.loc.gov/MARC21/slim">

  <leader>00916nam a2200181Ia 4500</leader>
  <datafield tag="952" ind1=" " ind2=" ">
    <subfield code="0">0</subfield>
    <subfield code="1">0</subfield>
    <subfield code="4">0</subfield>
    <subfield code="7">0</subfield>
    <subfield code="a">11</subfield>
    <subfield code="b">11</subfield>
    <subfield code="d">2010-01-26</subfield>
    <subfield code="l">3</subfield>
    <subfield code="o">LB1139 R6629 2009</subfield>
    <subfield code="p">11 008182</subfield>
    <subfield code="r">2017-02-03</subfield>
    <subfield code="s">2017-02-03</subfield>
    <subfield code="t">1</subfield>
    <subfield code="w">2012-06-26</subfield>
    <subfield code="y">LB</subfield>
  </datafield>
  <datafield tag="952" ind1=" " ind2=" ">
    <subfield code="0">0</subfield>
    <subfield code="1">0</subfield>
    <subfield code="4">0</subfield>
    <subfield code="7">0</subfield>
    <subfield code="a">11</subfield>
    <subfield code="b">11</subfield>
    <subfield code="d">2010-01-26</subfield>
    <subfield code="l">4</subfield>
    <subfield code="o">LB1139 R6629 2009</subfield>
    <subfield code="p">11 008183</subfield>
    <subfield code="r">2016-11-05</subfield>
    <subfield code="s">2016-11-05</subfield>
    <subfield code="t">2</subfield>
    <subfield code="w">2012-06-26</subfield>
    <subfield code="y">LB</subfield>
  </datafield>
  <datafield tag="999" ind1=" " ind2=" ">
    <subfield code="c">72421</subfield>
    <subfield code="d">72421</subfield>
  </datafield>
  <controlfield tag="008">120626s2009    mx a          000 0 spa d</controlfield>
  <datafield tag="020" ind1=" " ind2=" ">
    <subfield code="a">9786077703118</subfield>
  </datafield>
  <datafield tag="050" ind1=" " ind2=" ">
    <subfield code="a">LB1139 </subfield>
    <subfield code="b">R6629 2009</subfield>
  </datafield>
  <datafield tag="100" ind1=" " ind2=" ">
    <subfield code="a">Romay Morales, Martha</subfield>
    <subfield code="e">autor</subfield>
  </datafield>
  <datafield tag="245" ind1=" " ind2=" ">
    <subfield code="a">Evaluaci&#xF3;n del desarrollo infantil </subfield>
    <subfield code="b">: Pr&#xE1;ctica e investigaci&#xF3;n con el inventario de h&#xE1;bilidades b&#xE1;sicas </subfield>
    <subfield code="c">/ Martha, Romay Morales</subfield>
  </datafield>
  <datafield tag="260" ind1=" " ind2=" ">
    <subfield code="a">M&#xE9;xico </subfield>
    <subfield code="b">: Editorial Trillas</subfield>
    <subfield code="c">, 2009</subfield>
  </datafield>
  <datafield tag="300" ind1=" " ind2=" ">
    <subfield code="a">167 p&#xE1;ginas</subfield>
    <subfield code="b">: ilustraciones  </subfield>
  </datafield>
  <datafield tag="500" ind1=" " ind2=" ">
    <subfield code="a">Incluye: Indice de contenido, Agradecimientos, Pr&#xF3;logo, Introducci&#xF3;n, Bibliograf&#xED;a, Indice onom&#xE1;stico, Indice Anal&#xED;tico</subfield>
  </datafield>
  <datafield tag="505" ind1=" " ind2=" ">
    <subfield code="a">El desarrollo infantil  
Evaluaci&#xF3;n del desarrollo infantil  
El Inventario de Habilidades B&#xE1;sicas (IHB)  
M&#xE9;todo  
Resultados y discusi&#xF3;n  
Anexos  
</subfield>
  </datafield>
  <datafield tag="519" ind1=" " ind2=" ">
    <subfield code="a">Material Complementario /  </subfield>
    <subfield code="d">(11 008182)   </subfield>
  </datafield>
  <datafield tag="650" ind1=" " ind2="0">
    <subfield code="a">DESARROLLO INFANTIL   </subfield>
    <subfield code="x">EVALUACI&#xD3;N</subfield>
  </datafield>
  <datafield tag="942" ind1=" " ind2=" ">
    <subfield code="c">LB</subfield>
  </datafield>
</record>
